000 00699cam a2200229 a 4500
001 13227436
005 20180301043739.0
008 030606s2003 dcua b 001 0 eng
010 _a 2003270034
020 _a0899824943 (pbk.)
040 _aDLC
_cDLC
041 _aeng
080 _a330 jon
082 0 4 _a330 jon
_221
100 1 _a52
101 _aeco
245 1 0 _aEconomics :
_c[Jon A. Hooks].
504 _aIncludes bibliographical references (p. 299-304) and index.
906 _a7
_bcbc
_corigcop
_d2
_encip
_f20
_gy-gencatlg
942 _2ddc
_cBK
999 _c43799
_d43799